000 006330000a22001810004500
003 MACL
005 20160602154202.0
008 160602b xxu||||| |||| 00| 0 eng d
040 _aMACL
_cMACL
041 _aHindi
082 _a920 BHA
100 _aभारदाज, उमेश
_957132
245 _aभारत के सांस्‍कृतिक पर्यटन स्‍थल
_cउमेश भारदाज
260 _bअपराजिता पब्लिकेशन्‍स
_c2009
_aइलाहाबाद
350 _a175
650 _aयात्रा
_961753
942 _cHIN
_k910/BHA
_2ddc
999 _c45056
_d45056